1001 tipů a triků pro WWW stránky

Gespeichert in:
Bibliographische Detailangaben
Format: Buch
Sprache:Tschechisch
Veröffentlicht: Brno Computer Press 2003
Schlagworte:
Tags: Tag hinzufügen
Keine Tags, Fügen Sie das erste Tag hinzu!

MARC

LEADER 00000nam$a2200000$$$4500
001 0034843
005 20240201121348.6
020 |a 80-7226-756-6 
041 0 |a cze 
044 |a CZ 
245 1 0 |a 1001 tipů a triků pro WWW stránky  |c Kolektiv autorů 
264 1 |a Brno  |b Computer Press  |c 2003 
300 |a 402 s. 
610 2 0 |a stránky webové